[Event "15th LCC Super Rapid 2025"]
[Site "London ENG"]
[Date "2025.12.06"]
[Round "4.15"]
[White "Southcott-Moyers, Indy"]
[Black "Mikhalevski, Victor"]
[Result "1/2-1/2"]
[WhiteTitle "FM"]
[BlackTitle "GM"]
[WhiteElo "2272"]
[BlackElo "2504"]
[WhiteFideId "488542"]
[BlackFideId "2801914"]
[EventDate "2025.12.06"]

1. d4 Nf6 2. c4 g6 3. Nc3 d5 4. cxd5 Nxd5 5. e4 Nxc3 6. bxc3 Bg7 7. Be3 c5 8.
Qd2 Qa5 9. Rc1 O-O 10. Nf3 Rd8 11. Be2 cxd4 12. cxd4 Qxd2+ 13. Bxd2 e6 14. Bg5
f6 15. Be3 Nc6 16. O-O Bd7 17. Rfd1 Rac8 18. d5 exd5 19. exd5 Nb4 20. Bc4 Ba4
21. Bb3 Rxc1 22. Rxc1 Bxb3 23. axb3 a6 24. Rc7 Rxd5 25. g3 b5 26. Rc8+ Kf7 27.
Rc7+ Kg8 28. Rc8+ Kf7 29. Rc7+ 1/2-1/2

[Event "15th LCC Super Rapid 2025"]
[Site "London ENG"]
[Date "2025.12.06"]
[Round "4.16"]
[White "Gordon, Stephen J"]
[Black "Udovenko, Daniel"]
[Result "1-0"]
[WhiteTitle "GM"]
[WhiteElo "2465"]
[BlackElo "1927"]
[WhiteFideId "411477"]
[BlackFideId "30957508"]
[EventDate "2025.12.06"]

1. c4 Nf6 2. Nc3 g6 3. e4 d6 4. d4 Bg7 5. h3 Nc6 6. Nf3 O-O 7. d5 Nb4 8. a3 Na6
9. Bd3 e6 10. O-O c6 11. dxe6 Bxe6 12. Re1 Nd7 13. Qc2 Ne5 14. Nxe5 dxe5 15. b4
Qe7 16. c5 Nc7 17. Nd1 a5 18. Rb1 axb4 19. axb4 Ra2 20. Bb2 Na6 21. Bc4 Nxb4 22.
Qb3 Qxc5 23. Bxe6 fxe6 24. Ne3 Qa5 25. Bc3 c5 26. Qxe6+ Kh8 27. Bxe5 Qa6 28. Qe7
Rg8 29. Qxc5 Nd3 30. Bxg7+ Rxg7 31. Qc8+ Rg8 32. Qc3+ Rg7 33. Red1 Ra3 34. Rb3
Rxb3 35. Qxb3 Ne5 36. Rd8+ Rg8 37. Qxg8# 1-0

[Event "15th LCC Super Rapid 2025"]
[Site "London ENG"]
[Date "2025.12.06"]
[Round "4.17"]
[White "Kovalskyi, Roman"]
[Black "Mishra, Abhimanyu"]
[Result "0-1"]
[BlackTitle "GM"]
[WhiteElo "2208"]
[BlackElo "2642"]
[WhiteFideId "14184214"]
[BlackFideId "30920019"]
[EventDate "2025.12.06"]

1. e4 c5 2. Nf3 d6 3. d4 cxd4 4. Nxd4 Nf6 5. Nc3 a6 6. h3 e5 7. Nf3 Be7 8. g4 h6
9. Rg1 g5 10. Bc4 Be6 11. Bb3 Nc6 12. Be3 Rc8 13. Qd2 Na5 14. Rd1 Nc4 15. Qc1
Qc7 16. Nd5 Nxd5 17. exd5 Qa5+ 18. c3 Bxd5 19. Nd2 b5 20. Qc2 Be6 21. Nxc4 bxc4
22. Ba4+ Kf8 23. Ke2 d5 24. f3 Kg7 25. h4 Bc5 26. Bxc5 Qxc5 27. Qd2 f6 28. h5
Rhd8 29. Qc2 Bf7 30. Qf5 d4 31. cxd4 exd4 32. Qxc5 Rxc5 33. Rc1 Ra5 34. b3 Re5+
35. Kf2 c3 36. Rgd1 Rc5 37. b4 Rc7 38. a3 d3 39. Bc2 d2 40. Ra1 Bc4 41. Ke3 Re7+
42. Be4 Bb3 43. Rdb1 c2 44. Rxb3 c1=Q 0-1

[Event "15th LCC Super Rapid 2025"]
[Site "London ENG"]
[Date "2025.12.06"]
[Round "4.18"]
[White "Kovchan, Alexander"]
[Black "Stoyanov, Viktor"]
[Result "1/2-1/2"]
[WhiteTitle "GM"]
[BlackTitle "FM"]
[WhiteElo "2440"]
[BlackElo "2239"]
[WhiteFideId "14103052"]
[BlackFideId "450308"]
[EventDate "2025.12.06"]

1. e4 e5 2. Nf3 Nc6 3. Bb5 a6 4. Ba4 Nf6 5. O-O Be7 6. d3 d6 7. c3 O-O 8. Nbd2
h6 9. Re1 Bd7 10. Nf1 Re8 11. d4 Bf8 12. d5 Ne7 13. c4 a5 14. g3 Nc8 15. Bxd7
Qxd7 16. Bd2 c6 17. Rc1 b5 18. dxc6 Qxc6 19. Qe2 bxc4 20. Qxc4 Qxc4 21. Rxc4 Nb6
22. Rc6 Na4 23. Bc3 Rec8 24. Rxc8 Rxc8 25. Bxa5 Nxb2 26. Re2 Nd3 27. Re3 Ra8 28.
Rxd3 Rxa5 29. N3d2 Rxa2 30. f3 Nd7 31. Nc4 Nc5 32. Rd2 Ra4 33. Nxd6 Nb3 34. Rd3
Nd4 35. Nf5 Bc5 36. Nxd4 Bxd4+ 37. Kg2 Ra2+ 38. Rd2 Ra1 39. h4 h5 40. Rc2 g6 41.
Nd2 Rg1+ 1/2-1/2

[Event "15th LCC Super Rapid 2025"]
[Site "London ENG"]
[Date "2025.12.06"]
[Round "4.19"]
[White "Rozen, Eytan"]
[Black "Richardson, John R"]
[Result "1-0"]
[WhiteTitle "IM"]
[BlackTitle "FM"]
[WhiteElo "2515"]
[BlackElo "2224"]
[WhiteFideId "2816750"]
[BlackFideId "401617"]
[EventDate "2025.12.06"]

1. d4 Nf6 2. Nf3 e6 3. Bg5 d5 4. Nbd2 Be7 5. e3 h6 6. Bxf6 Bxf6 7. Bd3 c5 8. c3
cxd4 9. exd4 Nc6 10. O-O O-O 11. Re1 a6 12. a4 Bd7 13. Nb3 Qc7 14. Nc5 Bc8 15.
Qe2 Na5 16. b4 Nc4 17. Bxc4 dxc4 18. a5 b6 19. axb6 Qxb6 20. Qxc4 Rd8 21. Ra5
Bb7 22. Qe2 Qc6 23. h3 Rdc8 24. Rea1 Qd5 25. Qa2 Qxa2 26. R1xa2 Bd5 27. R2a3 Bc4
28. Nd2 Be2 29. Ra1 Bd8 30. R5a3 Be7 31. c4 Bf6 32. Re1 Bh5 33. g4 Bg6 34. Nf3
a5 35. b5 Bxd4 36. Nxd4 Rxc5 37. Rc1 a4 38. f3 Kf8 39. Kf2 e5 40. Nc6 f6 41. Nb4
Bf7 42. Rac3 a3 43. b6 Rb8 44. Na6 1-0

[Event "15th LCC Super Rapid 2025"]
[Site "London ENG"]
[Date "2025.12.06"]
[Round "4.20"]
[White "Badacsonyi, Stanley"]
[Black "Sammed Jaykumar, Shete"]
[Result "0-1"]
[WhiteTitle "FM"]
[BlackTitle "IM"]
[WhiteElo "2316"]
[BlackElo "2377"]
[WhiteFideId "486973"]
[BlackFideId "5073421"]
[EventDate "2025.12.06"]

1. d4 Nf6 2. c4 e6 3. Nc3 Bb4 4. e3 d5 5. Bd2 O-O 6. Nf3 a6 7. a3 Bd6 8. Bd3
dxc4 9. Bxc4 b5 10. Bd3 c5 11. dxc5 Bxc5 12. Qc2 Nbd7 13. Ne4 Be7 14. Nxf6+ Nxf6
15. Bc3 h6 16. O-O Bb7 17. Rfd1 Qc7 18. Rac1 Rac8 19. Qe2 Qb8 20. e4 Qa8 21. e5
Ne4 22. Bd4 Rxc1 23. Rxc1 Ng5 24. Ne1 Bxg2 25. Nxg2 Nf3+ 26. Kh1 Nxd4 27. Qe4
Qxe4 28. Bxe4 Rd8 29. h4 Nb3 30. Rc7 Bf8 31. Bc2 Nd2 32. Ne1 Rd4 33. Ra7 Rxh4+
34. Kg2 Rg4+ 35. Kh3 Rg1 36. Ng2 g5 37. Rd7 Nf3 38. Be4 Nxe5 39. Ra7 Bc5 40.
Ra8+ Kg7 41. f4 Ng6 42. fxg5 hxg5 43. Bxg6 Kxg6 44. Rxa6 Rb1 45. b4 Bg1 46. Kg4
Rb3 0-1

[Event "15th LCC Super Rapid 2025"]
[Site "London ENG"]
[Date "2025.12.06"]
[Round "4.21"]
[White "Tayar, Jonathan"]
[Black "Walker, Samuel A"]
[Result "1-0"]
[WhiteTitle "IM"]
[WhiteElo "2325"]
[BlackElo "2047"]
[WhiteFideId "2606534"]
[BlackFideId "412813"]
[EventDate "2025.12.06"]

1. e4 c5 2. Nc3 g6 3. Nf3 Bg7 4. d4 cxd4 5. Nxd4 Nc6 6. Be3 d6 7. Qd2 Nf6 8. f3
O-O 9. O-O-O d5 10. exd5 Nxd5 11. Nxc6 bxc6 12. Bd4 Bxd4 13. Qxd4 Qb6 14. Na4
Qa5 15. b3 Nb6 16. Qc5 Qxc5 17. Nxc5 a5 18. a4 Ra7 19. Rd2 Bf5 20. g4 Nd7 21.
Nxd7 Bxd7 22. Bc4 c5 23. Re1 Bc6 24. f4 Bf3 25. h3 Kg7 26. Re3 Bh1 27. Kb2 Rb8
28. Kc3 Rb6 29. Re1 Bf3 30. Re3 Bh1 31. g5 e6 32. Re5 Rc7 33. h4 Rb4 34. Rd6 Bd5
35. Bxd5 exd5 36. Rdxd5 c4 37. Rxa5 cxb3+ 38. Kxb4 bxc2 39. Rac5 c1=Q 40. Rxc1
Rxc1 41. a5 Rb1+ 42. Kc5 Ra1 43. Kb6 Ra4 44. a6 Rb4+ 45. Rb5 1-0

[Event "15th LCC Super Rapid 2025"]
[Site "London ENG"]
[Date "2025.12.06"]
[Round "4.22"]
[White "Czopor, Maciej"]
[Black "Brett, Andrew R"]
[Result "1-0"]
[WhiteTitle "IM"]
[WhiteElo "2463"]
[BlackElo "2034"]
[WhiteFideId "21805431"]
[BlackFideId "416460"]
[EventDate "2025.12.06"]

1. e4 e5 2. Nf3 Nc6 3. Bc4 Nf6 4. d3 h6 5. O-O d6 6. a4 g6 7. a5 a6 8. Re1 Bg7
9. c3 O-O 10. Nbd2 Nh5 11. Nf1 Kh7 12. d4 Qe8 13. Ne3 exd4 14. cxd4 Ne7 15. Bd2
Kh8 16. Rc1 c6 17. Bb4 Qd8 18. Bd3 Nf4 19. Nc4 Nxd3 20. Qxd3 Bg4 21. Nxd6 Bxf3
22. Qxf3 Qd7 23. Bc5 Kg8 24. Rcd1 Rad8 25. Qb3 Rb8 26. h3 Kh7 27. Nxf7 Rg8 28.
Ne5 Qc7 29. Qf7 1-0

[Event "15th LCC Super Rapid 2025"]
[Site "London ENG"]
[Date "2025.12.06"]
[Round "4.23"]
[White "Manmay Chopra"]
[Black "Viswanath, Ganesh"]
[Result "1-0"]
[WhiteTitle "CM"]
[WhiteElo "2142"]
[BlackElo "1990"]
[WhiteFideId "25649191"]
[BlackFideId "3205738"]
[EventDate "2025.12.06"]

1. e4 c5 2. Nf3 d6 3. d4 cxd4 4. Qxd4 Nf6 5. Nc3 Nc6 6. Bb5 Bd7 7. Bxc6 bxc6 8.
e5 dxe5 9. Nxe5 g6 10. Qc4 e6 11. Bg5 Be7 12. Rd1 Nd5 13. Bxe7 Qxe7 14. O-O Qd6
15. Nxd7 Qxd7 16. Ne4 Qc7 17. Qd4 O-O 18. c4 e5 19. Qc5 Nf4 20. Rd7 Qb8 21. b3
Ne2+ 22. Kh1 Nd4 23. Rxd4 exd4 24. Nf6+ Kg7 25. Qxd4 Qd8 26. Ne8+ Kh6 27. Qg7+
Kg5 28. f4+ Kg4 29. h3+ Kg3 30. Rf3+ Kh4 31. Qh6# 1-0

[Event "15th LCC Super Rapid 2025"]
[Site "London ENG"]
[Date "2025.12.06"]
[Round "4.24"]
[White "McShane, Luke J"]
[Black "Zhang, Junyi"]
[Result "1-0"]
[WhiteTitle "GM"]
[WhiteElo "2615"]
[BlackElo "2118"]
[WhiteFideId "404853"]
[BlackFideId "494437"]
[EventDate "2025.12.06"]

1. d4 Nf6 2. Bg5 d5 3. Bxf6 exf6 4. e3 Bd6 5. c4 dxc4 6. Bxc4 Nd7 7. Nf3 Nb6 8.
Bb3 Qe7 9. Nc3 O-O 10. O-O Bg4 11. h3 Bh5 12. g4 Bg6 13. Nh4 c6 14. Re1 Bc7 15.
Qf3 Rad8 16. Rad1 Bb8 17. Qg2 Rfe8 18. f4 Be4 19. Nxe4 Qxe4 20. Qxe4 Rxe4 21.
Kf2 Nd5 22. Nf3 Bc7 23. Rc1 Nb4 24. Rc3 Ba5 25. Re2 Bb6 26. a3 Nd5 27. Rc1 Kf8
28. Ba2 Ree8 29. h4 Ke7 30. Rd1 Kd6 31. Rd3 Re7 32. Nd2 Rde8 33. Kf3 Nc7 34. g5
Kd7 35. gxf6 gxf6 36. Nf1 Ne6 37. Ng3 Ng7 38. b4 Kc8 39. Rc3 Kb8 40. Bb1 Ne6 41.
Rd2 Nc7 42. Nf5 Nd5 43. Rcd3 Rd7 44. Rg2 a5 45. Rb3 Ne7 46. Nxe7 Rdxe7 47. Bxh7
Rh8 48. Rg8+ Re8 49. Rxe8+ Rxe8 50. Be4 axb4 51. axb4 Rh8 52. Kg4 Rg8+ 53. Kf5
Bd8 54. h5 Rh8 55. Bf3 Kc7 56. Rb1 Kd6 57. Rh1 Be7 58. b5 cxb5 59. Rb1 Rg8 60.
Rxb5 Rg3 61. Ke4 Kc6 62. Rf5 Rh3 63. Bg2 Rg3 64. Bf1 Rg1 65. Bc4 Rg7 66. Ra5 Rh7
67. Be2 b6 68. Ra7 Bd8 69. Bf3 b5 70. Kf5+ Kd6 71. Rb7 Rg7 72. Rxb5 Rg3 73. Ke4
Ke6 74. h6 1-0

[Event "15th LCC Super Rapid 2025"]
[Site "London ENG"]
[Date "2025.12.06"]
[Round "4.25"]
[White "Jumabayev, Rinat"]
[Black "Lebedev, Lion"]
[Result "1-0"]
[WhiteTitle "GM"]
[WhiteElo "2560"]
[BlackElo "2066"]
[WhiteFideId "13702661"]
[BlackFideId "551005492"]
[EventDate "2025.12.06"]

1. Nf3 d5 2. g3 Nf6 3. Bg2 c6 4. c4 Bg4 5. cxd5 Bxf3 6. Bxf3 cxd5 7. d4 e6 8.
O-O Bd6 9. Nc3 Nc6 10. e4 dxe4 11. Nxe4 Nxe4 12. Bxe4 O-O 13. d5 exd5 14. Qxd5
Be5 15. Qxd8 Rfxd8 16. Re1 f6 17. Be3 Rac8 18. Rad1 Bxb2 19. Rxd8+ Rxd8 20. Rb1
Bd4 21. Rxb7 Bxe3 22. fxe3 Ne5 23. Rxa7 Ng4 24. Ra8 Rxa8 25. Bxa8 Nxe3 26. a4
Kf8 27. a5 Nf5 28. Be4 Nd6 29. Bxh7 Ke7 30. Kf2 f5 31. a6 Nb5 32. Bxf5 Kd6 33.
Bd3 1-0

[Event "15th LCC Super Rapid 2025"]
[Site "London ENG"]
[Date "2025.12.06"]
[Round "4.27"]
[White "Aghayev, Miragha"]
[Black "Manole, Stefan"]
[Result "1-0"]
[WhiteTitle "IM"]
[WhiteElo "2430"]
[BlackElo "2086"]
[WhiteFideId "818070"]
[BlackFideId "1203274"]
[EventDate "2025.12.06"]

1. e4 c6 2. Nf3 d5 3. d3 Bg4 4. h3 Bxf3 5. Qxf3 e6 6. d4 dxe4 7. Qxe4 Nf6 8. Qd3
Bd6 9. Be2 Nbd7 10. Nd2 O-O 11. Nc4 Bc7 12. O-O Nd5 13. Qe4 Qf6 14. c3 Nf4 15.
Bg4 Qg6 16. Qxg6 Nxg6 17. g3 Nf6 18. Bf3 Rfe8 19. Kg2 Rad8 20. a4 a6 21. h4 Nd5
22. h5 Nge7 23. a5 Nf5 24. Ra3 Nd6 25. Ne5 f6 26. Nd3 Nc4 27. Ra4 Nxa5 28. Nc5
b5 29. Ra2 Ra8 30. Re1 Kf7 31. b4 Nc4 32. Rxa6 Rxa6 33. Nxa6 Bd6 34. Bg4 Nxc3
35. Nc5 Bxc5 36. dxc5 Nd5 37. Rd1 Nxb4 38. Rd7+ Re7 39. Rd8 Nd5 40. h6 Kg6 41.
Rg8 f5 42. Bf3 Kf6 43. Rf8+ Ke5 44. Bg5 Rd7 45. Rc8 gxh6 46. Bxh6 Rc7 47. Bf4+
Kd4 48. Bxc7 Nxc7 49. Rxc7 1-0

[Event "15th LCC Super Rapid 2025"]
[Site "London ENG"]
[Date "2025.12.06"]
[Round "4.28"]
[White "Van Pel, Gerben"]
[Black "Rendle, Thomas E"]
[Result "0-1"]
[BlackTitle "IM"]
[WhiteElo "1979"]
[BlackElo "2370"]
[WhiteFideId "1068423"]
[BlackFideId "408760"]
[EventDate "2025.12.06"]

1. d4 d5 2. c4 c6 3. Nf3 Nf6 4. Nc3 dxc4 5. a4 Bf5 6. Ne5 Nbd7 7. Nxc4 Qc7 8. g3
e5 9. dxe5 Nxe5 10. Ne3 Rd8 11. Qb3 Be6 12. Qc2 h5 13. Bg2 h4 14. O-O hxg3 15.
hxg3 Neg4 16. Nf5 g6 17. Bf4 Qa5 18. Nh4 g5 0-1

[Event "15th LCC Super Rapid 2025"]
[Site "London ENG"]
[Date "2025.12.06"]
[Round "4.29"]
[White "Han, Qixiang"]
[Black "Emms, John M"]
[Result "1/2-1/2"]
[BlackTitle "GM"]
[WhiteElo "2104"]
[BlackElo "2412"]
[WhiteFideId "496952"]
[BlackFideId "400254"]
[EventDate "2025.12.06"]

1. d4 d5 2. c4 dxc4 3. Nf3 Nf6 4. e3 e6 5. Bxc4 c5 6. O-O Nc6 7. Nc3 a6 8. a4
cxd4 9. exd4 Be7 10. Be3 O-O 11. Ne5 Bd7 12. Rc1 Rc8 13. Bd3 Nb4 14. Bb1 Bc6 15.
Qe2 Re8 16. Rfd1 g6 17. Bh6 Bf8 18. Bg5 Be7 19. Bh6 Bf8 20. Bg5 Be7 21. Bh6 Bf8
22. Bg5 Be7 23. Bh6 Bf8 24. Bg5 1/2-1/2

[Event "15th LCC Super Rapid 2025"]
[Site "London ENG"]
[Date "2025.12.06"]
[Round "4.30"]
[White "McLachlan, Matthew"]
[Black "Gasanov, Eldar"]
[Result "0-1"]
[BlackTitle "GM"]
[WhiteElo "1959"]
[BlackElo "2447"]
[WhiteFideId "436003"]
[BlackFideId "14104466"]
[EventDate "2025.12.06"]

1. d4 d6 2. Nf3 Bg4 3. g3 Nd7 4. Bg2 e5 5. dxe5 dxe5 6. O-O Ngf6 7. c4 c6 8. Qc2
h6 9. Nc3 Be7 10. a3 a5 11. b3 O-O 12. Bb2 Qc7 13. Nd2 Rad8 14. Rab1 Nc5 15.
Nde4 Ne6 16. Nxf6+ Bxf6 17. e3 Be7 18. Ne4 f5 19. Nc3 e4 20. h3 Bh5 21. g4 fxg4
22. Nxe4 Bh4 23. Qe2 gxh3 24. Qxh5 hxg2 25. Kxg2 Qe7 26. f3 Rd3 27. Rh1 Bg5 28.
Nxg5 Nxg5 29. Rbf1 Rd2+ 30. Rf2 Qxe3 31. Rf1 Ne4 32. Qh4 Qxf3+ 33. Kg1 Rxf2 0-1

[Event "15th LCC Super Rapid 2025"]
[Site "London ENG"]
[Date "2025.12.06"]
[Round "4.31"]
[White "Royal, Shreyas"]
[Black "Nicholas, Koichi B"]
[Result "1-0"]
[WhiteTitle "GM"]
[WhiteElo "2495"]
[BlackElo "2100"]
[WhiteFideId "448869"]
[BlackFideId "409820"]
[EventDate "2025.12.06"]

1. c4 c5 2. Nc3 Nc6 3. Nf3 Nf6 4. d4 cxd4 5. Nxd4 e6 6. g3 Qb6 7. Nb3 Ne5 8. e4
Bb4 9. Qe2 O-O 10. f4 Ng6 11. e5 Ne8 12. Be3 Qc7 13. O-O-O Bxc3 14. bxc3 b6 15.
h4 Bb7 16. Rh2 d6 17. h5 Ne7 18. Bd4 Nf5 19. g4 Nxd4 20. cxd4 d5 21. c5 a5 22.
a4 Bc6 23. Qa2 Qd7 24. cxb6 Qb7 25. Nc5 Qxb6 26. Bd3 Rc8 27. g5 Kh8 28. f5 Qb4
29. Bc2 exf5 30. Bxf5 Rc7 31. Rc2 Re7 32. h6 g6 33. Bh3 Nc7 34. Qb2 Qxb2+ 35.
Rxb2 Ne6 36. Bxe6 fxe6 37. Rb6 Bd7 38. Rb7 Rff7 39. Nxd7 1-0

[Event "15th LCC Super Rapid 2025"]
[Site "London ENG"]
[Date "2025.12.06"]
[Round "4.32"]
[White "Nainys, Zanas"]
[Black "Sadeghi, Hassan Roger"]
[Result "1-0"]
[BlackTitle "CM"]
[WhiteElo "2320"]
[BlackElo "2029"]
[WhiteFideId "12844098"]
[BlackFideId "1304712"]
[EventDate "2025.12.06"]

1. d4 Nf6 2. c4 e6 3. Nf3 d5 4. Nc3 Nbd7 5. Qc2 c6 6. e4 dxe4 7. Nxe4 Nxe4 8.
Qxe4 Bb4+ 9. Bd2 Bxd2+ 10. Nxd2 c5 11. dxc5 Nxc5 12. Qe5 b6 13. Qxg7 Rf8 14.
O-O-O Qc7 15. Qg3 Qe7 16. b4 Nb7 17. c5 bxc5 18. Ne4 f5 19. Bb5+ Kf7 20. Ng5+
Kf6 21. f4 cxb4 22. Be2 h6 23. Ne4+ 1-0

[Event "15th LCC Super Rapid 2025"]
[Site "London ENG"]
[Date "2025.12.06"]
[Round "4.33"]
[White "White, Stuart A"]
[Black "Camacho Collados, Jose"]
[Result "1-0"]
[BlackTitle "IM"]
[WhiteElo "2059"]
[BlackElo "2364"]
[WhiteFideId "407747"]
[BlackFideId "2265427"]
[EventDate "2025.12.06"]

1. c4 e6 2. Nf3 d5 3. g3 Nf6 4. Bg2 Be7 5. O-O O-O 6. b3 b6 7. cxd5 exd5 8. Bb2
Re8 9. d4 h6 10. Nc3 a6 11. Rc1 Bd6 12. Qc2 Bb7 13. Nh4 Nbd7 14. Nf5 Bf8 15. Ne3
Nb8 16. Qf5 g6 17. Qf3 Ne4 18. Nxe4 Rxe4 19. Ng4 Bg7 20. Ne5 Bxe5 21. dxe5 Nc6
22. Qc3 Rxe5 23. Qd2 Re6 24. Qxh6 d4 25. e3 g5 26. Qh5 Qf6 27. exd4 Qg6 28. Qd1
Rd8 29. d5 Ne7 30. dxe6 Rxd1 31. Rfxd1 Qxe6 32. Bxb7 c5 33. Bxa6 Qc6 34. Rd8+
Kh7 35. Bd3+ f5 36. Re1 Qc7 37. Re8 Nd5 38. Bxf5+ Kh6 39. Rh8+ 1-0

[Event "15th LCC Super Rapid 2025"]
[Site "London ENG"]
[Date "2025.12.06"]
[Round "4.34"]
[White "Yoon, Jacob D"]
[Black "Porras Mateo, Felipe"]
[Result "1-0"]
[WhiteTitle "CM"]
[BlackTitle "FM"]
[WhiteElo "2160"]
[BlackElo "2356"]
[WhiteFideId "446076"]
[BlackFideId "2279193"]
[EventDate "2025.12.06"]

1. d4 d5 2. c4 c6 3. Nc3 Nf6 4. e3 g6 5. Nf3 Bg7 6. Be2 O-O 7. O-O b6 8. b3 Bb7
9. Ne5 Nbd7 10. f4 Nxe5 11. fxe5 Ne4 12. Nxe4 dxe4 13. Bb2 e6 14. Qe1 Qg5 15.
Qf2 Bh6 16. Bc1 c5 17. h4 Qe7 18. Ba3 Rad8 19. Rad1 Qc7 20. g4 Bg7 21. g5 Rd7
22. Bg4 Rdd8 23. Qf4 Rfe8 24. Bb2 Re7 25. h5 Ree8 26. h6 Bf8 27. Bh3 cxd4 28.
exd4 e3 29. Rde1 Rd7 30. Rxe3 b5 31. Re2 bxc4 32. Rc2 c3 33. Rxc3 Qb6 34. Rc2
Qb5 35. Kh2 Qd3 36. Rcf2 Rc7 37. Qf6 Qe4 38. Bxe6 Qh4+ 39. Bh3 Bc8 40. Qf3 Qxg5
41. Bxc8 Rexc8 42. d5 Qxh6+ 43. Kg2 Qg5+ 44. Kh1 Re7 45. Rg2 Qh4+ 46. Rh2 Qb4
47. Qh3 h5 48. Qxc8 Qe4+ 49. Rg2 Qxd5 50. Ba3 Qxe5 51. Bxe7 Qxe7 52. Qc4 Bg7 53.
Rxg6 Qb7+ 54. Rg2 1-0

[Event "15th LCC Super Rapid 2025"]
[Site "London ENG"]
[Date "2025.12.06"]
[Round "4.35"]
[White "Hunt, Harriet V"]
[Black "Golding, James"]
[Result "1-0"]
[WhiteTitle "IM"]
[WhiteElo "2288"]
[BlackElo "2169"]
[WhiteFideId "403512"]
[BlackFideId "427250"]
[EventDate "2025.12.06"]

1. e4 e5 2. Nf3 Nc6 3. Bb5 a6 4. Ba4 Nf6 5. d3 b5 6. Bb3 Bc5 7. c3 Bb6 8. a4 Rb8
9. Na3 d6 10. O-O Na5 11. Bc2 c6 12. h3 h6 13. b4 Nb7 14. d4 Qe7 15. Re1 O-O 16.
Be3 Bd7 17. dxe5 Bxe3 18. exf6 Bxf2+ 19. Kxf2 Qxf6 20. Qd4 Qe7 21. Kg1 Rfc8 22.
Qd3 g6 23. Bb3 c5 24. Bd5 Nd8 25. axb5 axb5 26. Nc2 Qf6 27. Ra7 Be6 28. Ne3 Bxh3
29. Rf1 cxb4 30. Nd4 Qg5 31. cxb4 Ne6 32. Nxe6 fxe6 33. Qd4 Qe5 34. Qxe5 dxe5
35. Ba2 Rc3 36. Rf3 1-0

[Event "15th LCC Super Rapid 2025"]
[Site "London ENG"]
[Date "2025.12.06"]
[Round "4.36"]
[White "Murawski, Jan"]
[Black "Grutter, Tim"]
[Result "1-0"]
[WhiteTitle "CM"]
[BlackTitle "IM"]
[WhiteElo "2225"]
[BlackElo "2399"]
[WhiteFideId "21009287"]
[BlackFideId "1057472"]
[EventDate "2025.12.06"]

1. d4 Nf6 2. c4 g6 3. Nc3 Bg7 4. e4 d6 5. f3 O-O 6. Be3 c5 7. d5 e6 8. Qd2 exd5
9. cxd5 a6 10. a4 Nbd7 11. Nh3 Qc7 12. Be2 Rb8 13. O-O c4 14. Nf2 b5 15. axb5
axb5 16. Ra7 Qd8 17. Rfa1 Ne5 18. h3 Re8 19. Ra8 Rxa8 20. Rxa8 Qd7 21. f4 Nd3
22. Nxd3 cxd3 23. Bxd3 b4 24. Na4 Qb7 25. Nb6 Bd7 26. Rxe8+ Bxe8 27. Qxb4 Qa7
28. Nc4 Qa1+ 29. Kh2 Bf8 30. Qc3 Nd7 31. Bd4 Qd1 32. b4 Bh6 33. Be3 Bg7 34. Qd2
Qb3 35. Nxd6 Kf8 36. Nxe8 Kxe8 37. Qc2 Qxb4 38. Qc8+ Ke7 39. e5 Qa4 40. d6+ Ke6
41. Qe8+ Kd5 42. Qxf7+ Kc6 43. Qxg7 1-0

[Event "15th LCC Super Rapid 2025"]
[Site "London ENG"]
[Date "2025.12.06"]
[Round "4.37"]
[White "McPhillips, Joseph"]
[Black "Stojanas, Justinas"]
[Result "1-0"]
[WhiteTitle "IM"]
[WhiteElo "2388"]
[BlackElo "2086"]
[WhiteFideId "422487"]
[BlackFideId "12802328"]
[EventDate "2025.12.06"]

1. e4 Nc6 2. Nf3 d5 3. exd5 Qxd5 4. Nc3 Qa5 5. Bb5 Bd7 6. b4 Qxb4 7. O-O Nf6 8.
Rb1 Qg4 9. Be2 O-O-O 10. d4 Be8 11. Be3 e6 12. Ne5 Qf5 13. g4 Qxe5 14. dxe5 Rxd1
15. Rfxd1 Nxe5 16. g5 Nfd7 17. f4 Nc6 18. Ne4 Be7 19. Bf3 h6 20. Ng3 Bc5 21.
Bxc5 Nxc5 22. gxh6 Rxh6 23. f5 e5 24. Rd5 b6 25. c3 Rd6 26. Rxd6 cxd6 27. Nh5 e4
28. Bg4 Ne5 29. Bh3 Nf3+ 30. Kg2 Bc6 31. f6+ Kc7 32. fxg7 e3 33. g8=Q Ng5+ 34.
Kg3 Nce4+ 35. Kf4 Nxh3+ 36. Kxe3 Nhg5 37. h4 Ne6 38. Qxf7+ Bd7 39. Kxe4 1-0

[Event "15th LCC Super Rapid 2025"]
[Site "London ENG"]
[Date "2025.12.06"]
[Round "4.38"]
[White "Kalavannan, Koby"]
[Black "Allorant, Adrien"]
[Result "1/2-1/2"]
[WhiteTitle "FM"]
[WhiteElo "2275"]
[BlackElo "2068"]
[WhiteFideId "425753"]
[BlackFideId "658707"]
[EventDate "2025.12.06"]

1. Nf3 c5 2. b3 Nf6 3. Bb2 e6 4. c4 Be7 5. g3 b6 6. Bg2 Bb7 7. O-O O-O 8. Nc3 a6
9. d4 cxd4 10. Qxd4 Nc6 11. Qd2 Qc7 12. Rac1 Rac8 13. e4 d6 14. Rfd1 Rfd8 15. h3
Qb8 16. Qe3 Ba8 17. a4 Nd7 18. Kh2 Nc5 19. Nd2 Nb4 20. Bf1 h5 21. f4 f5 22. Be2
Bf6 23. Ba3 a5 24. exf5 exf5 25. Bxb4 axb4 26. Nd5 Bxd5 27. cxd5 Re8 28. Qf2 g6
29. Bb5 Ne4 30. Nxe4 Rxe4 31. Bd7 Rxc1 32. Rxc1 Bc3 33. Qf3 Qc7 34. Be6+ Kg7 35.
g4 hxg4 36. hxg4 Qe7 37. Kg2 Qh4 38. gxf5 Rxf4 39. Qg3 Qxg3+ 40. Kxg3 Be5 41.
Rc7+ Kf6 42. Kg2 gxf5 43. Rc6 Rg4+ 44. Kf1 Rg3 45. Rxb6 Rxb3 46. a5 Ra3 47. Rxb4
Rxa5 48. Rb8 Ra7 1/2-1/2

[Event "15th LCC Super Rapid 2025"]
[Site "London ENG"]
[Date "2025.12.06"]
[Round "4.39"]
[White "Makkar, Rajat"]
[Black "Bryant, Harry"]
[Result "1/2-1/2"]
[WhiteTitle "IM"]
[BlackTitle "CM"]
[WhiteElo "2395"]
[BlackElo "2209"]
[WhiteFideId "36016810"]
[BlackFideId "489158"]
[EventDate "2025.12.06"]

1. d4 Nf6 2. c4 g6 3. g3 Bg7 4. Bg2 O-O 5. Nc3 d6 6. Nf3 c5 7. O-O Nc6 8. d5 Na5
9. Nd2 a6 10. Qc2 e6 11. Rb1 exd5 12. cxd5 Re8 13. b4 cxb4 14. Rxb4 b5 15. Bb2
Bd7 16. Nce4 Rc8 17. Qb1 Nxd5 18. Bxg7 Kxg7 19. Rd4 Be6 20. Qd3 f5 21. Nxd6 Qxd6
22. Bxd5 Bxd5 23. Rxd5 Qf6 24. Rd6 Rcd8 25. Rd7+ Rxd7 26. Qxd7+ Re7 27. Qc8 Nc6
28. e3 Ne5 29. Nb3 Qd6 30. Qa8 Rc7 31. Nd4 h5 32. Rd1 Kh7 33. h4 Nc4 34. Kg2 Rd7
35. Qe8 Qd5+ 36. Kh3 Ne5 37. Ne6 Qxd1 38. Ng5+ Kg7 39. Qxe5+ Kg8 40. Qe6+ Kg7
41. Qe5+ Kg8 1/2-1/2